Капиталистическое управление: уроки 80-х

Bibliografiske detaljer
Andre forfattere: Грачев М. В, Михаил Владимирович (редактор), Соболевская А. А. Алиса Александровна, Кузин Д. В. Дмитрий Владимирович, Стерлин А. Р. Андрей Рафаилович, Дынкин А. А.
Summary:Исключено из фонда НТБ ТПУ
Sprog:russisk
Udgivet: Москва, Экономика, 1991
Format: MixedMaterials Bog
KOHA link:https://koha.lib.tpu.ru/cgi-bin/koha/opac-detail.pl?biblionumber=200177

MARC

LEADER 00000nam0a2200000 4500
001 200177
005 20231031184604.0
010 |a 5282011573 
020 |a RU  |b 91-12136 
035 |a (RuTPU)RU\TPU\book\218238 
090 |a 200177 
100 |a 20110902d1991 k y0rusy5003 ca 
101 0 |a rus 
102 |a RU 
105 |a y z 000zy 
200 1 |a Капиталистическое управление: уроки 80-х  |f М. В, Грачев [и др.]  |g под ред. А. А. Дынкина 
210 |a Москва  |c Экономика  |d 1991 
215 |a 127 с.  |d 20 см 
333 |a Исключено из фонда НТБ ТПУ 
701 1 |a Грачев  |b М. В,  |g Михаил Владимирович 
701 1 |a Соболевская  |b А. А.  |g Алиса Александровна 
701 1 |a Кузин  |b Д. В.  |g Дмитрий Владимирович 
701 1 |a Стерлин  |b А. Р.  |g Андрей Рафаилович 
702 1 |a Дынкин  |b А. А.  |4 340 
801 0 |a RU  |b RuMRKP  |c 19950417  |g psbo 
801 1 |a RU  |b 63413507  |c 20110902 
801 2 |a RU  |b 63413507  |c 20170120  |g RCR 
942 |c BK